[Event "DEM U18 2021"]
[Site "Willingen GER"]
[Date "2021.08.29"]
[Round "9"]
[White "Suvorov, Luca"]
[Black "Popist, Florian"]
[Result "1/2-1/2"]
[Termination "normal"]
[Board "7"]
[WhiteTitle "FM"]
[WhiteElo "2292"]
[BlackElo "2077"]
[WhiteClock "00:00:43"]
[BlackClock "00:32:29"]
[PlyCount "67"]
[WhiteFideId "12977071"]
[BlackFideId "16203518"]
[EventCountry "GER"]
[EventRounds "9"]
[EventType "swiss"]
[EventDate "2021.08.22"]

1. d4 {[%clk 1:30:59]} Nf6 {[%clk 1:30:50]} 2. c4 {[%clk 1:31:10]} c5 {[%clk
1:31:10]} 3. d5 {[%clk 1:31:00]} b5 {[%clk 1:31:28]} 4. Qc2 {[%clk 1:27:32]}
bxc4 {[%clk 1:30:18]} 5. e4 {[%clk 1:27:50]} d6 {[%clk 1:29:51]} 6. Nf3 {[%clk
1:26:26]} g6 {[%clk 1:29:01]} 7. h3 {[%clk 1:25:55]} Bg7 {[%clk 1:28:05]} 8.
Bxc4 {[%clk 1:24:53]} O-O {[%clk 1:27:56]} 9. O-O {[%clk 1:25:01]} Ba6 {[%clk
1:26:43]} 10. Na3 {[%clk 1:24:18]} Nfd7 {[%clk 1:24:08]} 11. Rb1 {[%clk
0:57:03]} Nb6 {[%clk 1:20:29]} 12. b3 {[%clk 0:51:26]} Bxc4 {[%clk 1:18:51]}
13. Nxc4 {[%clk 0:48:39]} N8d7 {[%clk 1:15:28]} 14. Ne3 {[%clk 0:23:30]} Rc8
{[%clk 1:05:40]} 15. a4 {[%clk 0:17:33]} Rb8 {[%clk 0:58:07]} 16. Bd2 {[%clk
0:16:22]} Na8 {[%clk 0:52:05]} 17. Nc4 {[%clk 0:16:16]} Nc7 {[%clk 0:51:17]}
18. Na5 {[%clk 0:15:37]} Qe8 {[%clk 0:50:40]} 19. b4 {[%clk 0:13:45]} f5 {[%clk
0:49:26]} 20. Nc6 {[%clk 0:11:46]} Rb7 {[%clk 0:49:23]} 21. Bg5 {[%clk
0:04:40]} Bf6 {[%clk 0:45:30]} 22. Bh6 {[%clk 0:04:05]} Bg7 {[%clk 0:44:57]}
23. Bg5 {[%clk 0:04:02]} Bf6 {[%clk 0:45:24]} 24. Bh6 {[%clk 0:02:22]} Bg7
{[%clk 0:45:52]} 25. Bxg7 {[%clk 0:02:47]} Kxg7 {[%clk 0:46:16]} 26. b5 {[%clk
0:00:47]} fxe4 {[%clk 0:33:05]} 27. Qxe4 {[%clk 0:00:49]} Nf6 {[%clk 0:32:28]}
28. Qxe7+ {[%clk 0:00:38]} Qxe7 {[%clk 0:32:52]} 29. Nxe7 {[%clk 0:01:05]} Re8
{[%clk 0:32:58]} 30. Rfe1 {[%clk 0:00:38]} Ncxd5 {[%clk 0:31:45]} 31. Nxd5
{[%clk 0:00:41]} Rxe1+ {[%clk 0:32:05]} 32. Rxe1 {[%clk 0:00:48]} Nxd5 {[%clk
0:32:30]} 33. Rd1 {[%clk 0:00:35]} Nc3 {[%clk 0:32:29]} 34. Rxd6 {[%clk
0:00:43]} 1/2-1/2

[Event "DEM U18 2021"]
[Site "Willingen GER"]
[Date "2021.08.29"]
[Round "9"]
[White "Geltz, Noah"]
[Black "Lieberwirth, Kasimir"]
[Result "1/2-1/2"]
[Termination "normal"]
[Board "8"]
[WhiteElo "2048"]
[BlackElo "2074"]
[WhiteClock "00:19:00"]
[BlackClock "00:15:31"]
[PlyCount "59"]
[WhiteFideId "16224256"]
[BlackFideId "12988146"]
[EventCountry "GER"]
[EventRounds "9"]
[EventType "swiss"]
[EventDate "2021.08.22"]

1. e4 {[%clk 1:30:43]} c5 {[%clk 1:30:47]} 2. Nf3 {[%clk 1:30:33]} d6 {[%clk
1:31:05]} 3. Bb5+ {[%clk 1:30:54]} Nd7 {[%clk 1:31:28]} 4. d4 {[%clk 1:31:14]}
cxd4 {[%clk 1:31:51]} 5. Qxd4 {[%clk 1:31:32]} a6 {[%clk 1:31:56]} 6. Bxd7+
{[%clk 1:30:30]} Bxd7 {[%clk 1:32:23]} 7. c4 {[%clk 1:29:21]} Nf6 {[%clk
1:32:00]} 8. Nc3 {[%clk 1:25:48]} e6 {[%clk 1:29:54]} 9. O-O {[%clk 1:22:50]}
Be7 {[%clk 1:29:32]} 10. e5 {[%clk 1:19:16]} dxe5 {[%clk 1:28:45]} 11. Nxe5
{[%clk 1:19:38]} O-O {[%clk 1:19:59]} 12. Be3 {[%clk 1:13:15]} Be8 {[%clk
1:12:14]} 13. Rfd1 {[%clk 1:04:15]} Qc7 {[%clk 1:01:13]} 14. f4 {[%clk
0:57:38]} Bc6 {[%clk 0:55:57]} 15. Qb6 {[%clk 0:53:24]} Qxb6 {[%clk 0:55:08]}
16. Bxb6 {[%clk 0:53:50]} Rfc8 {[%clk 0:52:34]} 17. Rd3 {[%clk 0:43:49]} Kf8
{[%clk 0:38:53]} 18. Re1 {[%clk 0:39:11]} g6 {[%clk 0:34:38]} 19. Ree3 {[%clk
0:36:15]} Ke8 {[%clk 0:30:47]} 20. Rh3 {[%clk 0:30:43]} Bf8 {[%clk 0:27:27]}
21. b3 {[%clk 0:27:53]} h5 {[%clk 0:26:04]} 22. Rhe3 {[%clk 0:26:25]} Nd7
{[%clk 0:21:15]} 23. Nxd7 {[%clk 0:26:03]} Bxd7 {[%clk 0:21:43]} 24. Nd5 {[%clk
0:26:14]} Be7 {[%clk 0:18:57]} 25. Nxe7 {[%clk 0:22:17]} Kxe7 {[%clk 0:19:22]}
26. a4 {[%clk 0:22:12]} Bc6 {[%clk 0:14:26]} 27. Bc5+ {[%clk 0:19:34]} Kf6
{[%clk 0:14:42]} 28. Bd4+ {[%clk 0:19:01]} Ke7 {[%clk 0:15:04]} 29. Bc5+ {[%clk
0:18:43]} Kf6 {[%clk 0:15:31]} 30. Bd4+ {[%clk 0:19:00]} 1/2-1/2

[Event "DEM U18 2021"]
[Site "Willingen GER"]
[Date "2021.08.29"]
[Round "9"]
[White "Boder, Jan"]
[Black "Biermann, Lenhard"]
[Result "1-0"]
[Termination "normal"]
[Board "9"]
[WhiteElo "2146"]
[BlackElo "2160"]
[WhiteClock "00:39:17"]
[BlackClock "00:02:10"]
[PlyCount "117"]
[WhiteFideId "16243226"]
[BlackFideId "12970077"]
[EventCountry "GER"]
[EventRounds "9"]
[EventType "swiss"]
[EventDate "2021.08.22"]

1. c4 {[%clk 1:30:46]} f5 {[%clk 1:30:44]} 2. g3 {[%clk 1:27:46]} Nf6 {[%clk
1:31:08]} 3. Bg2 {[%clk 1:28:11]} e6 {[%clk 1:31:14]} 4. Nf3 {[%clk 1:27:21]}
Be7 {[%clk 1:31:28]} 5. O-O {[%clk 1:26:28]} O-O {[%clk 1:31:50]} 6. b3 {[%clk
1:24:42]} d6 {[%clk 1:31:12]} 7. d4 {[%clk 1:22:37]} Qe8 {[%clk 1:31:08]} 8.
Nc3 {[%clk 1:22:05]} Qh5 {[%clk 1:18:55]} 9. Qd3 {[%clk 1:19:38]} Nc6 {[%clk
1:16:04]} 10. e4 {[%clk 1:14:46]} e5 {[%clk 1:10:09]} 11. dxe5 {[%clk 1:05:30]}
dxe5 {[%clk 1:08:38]} 12. Nd5 {[%clk 0:57:51]} fxe4 {[%clk 0:59:42]} 13. Nxf6+
{[%clk 0:57:36]} Bxf6 {[%clk 0:46:46]} 14. Qxe4 {[%clk 0:57:37]} Bf5 {[%clk
0:37:55]} 15. Qd5+ {[%clk 0:51:06]} Kh8 {[%clk 0:32:02]} 16. Bb2 {[%clk
0:42:12]} Rad8 {[%clk 0:13:21]} 17. Qc5 {[%clk 0:36:52]} Bg4 {[%clk 0:08:27]}
18. Nd2 {[%clk 0:29:41]} Be7 {[%clk 0:06:21]} 19. Qe3 {[%clk 0:29:48]} Nd4
{[%clk 0:05:01]} 20. Bxd4 {[%clk 0:28:28]} Rxd4 {[%clk 0:05:27]} 21. f3 {[%clk
0:26:01]} Bd7 {[%clk 0:04:12]} 22. Ne4 {[%clk 0:18:52]} Bc6 {[%clk 0:04:12]}
23. Kh1 {[%clk 0:16:20]} Bxe4 {[%clk 0:04:03]} 24. fxe4 {[%clk 0:16:48]} Rf6
{[%clk 0:02:18]} 25. Rf5 {[%clk 0:11:19]} Rd1+ {[%clk 0:01:38]} 26. Rxd1 {[%clk
0:11:46]} Qxd1+ {[%clk 0:02:00]} 27. Qg1 {[%clk 0:12:14]} Qxg1+ {[%clk
0:02:04]} 28. Kxg1 {[%clk 0:12:42]} Bc5+ {[%clk 0:01:45]} 29. Kf1 {[%clk
0:13:02]} Bd6 {[%clk 0:01:04]} 30. Ke2 {[%clk 0:13:27]} a5 {[%clk 0:01:25]} 31.
c5 {[%clk 0:12:24]} Rxf5 {[%clk 0:01:14]} 32. exf5 {[%clk 0:12:50]} Bxc5 {[%clk
0:01:39]} 33. Bxb7 {[%clk 0:13:18]} Kg8 {[%clk 0:01:44]} 34. Kd3 {[%clk
0:12:26]} Kf7 {[%clk 0:01:51]} 35. Kc4 {[%clk 0:12:53]} Bg1 {[%clk 0:01:02]}
36. h3 {[%clk 0:11:27]} Kf6 {[%clk 0:01:26]} 37. g4 {[%clk 0:11:41]} h6 {[%clk
0:01:22]} 38. a4 {[%clk 0:11:11]} Ke7 {[%clk 0:00:46]} 39. Kb5 {[%clk 0:10:00]}
Bb6 {[%clk 0:01:11]} 40. b4 {[%clk 0:09:56]} axb4 {[%clk 0:01:25]} 41. a5
{[%clk 0:10:17]} Bf2 {[%clk 0:24:13]} 42. Kxb4 {[%clk 0:40:27]} Kd6 {[%clk
0:18:37]} 43. Kb5 {[%clk 0:37:11]} Be1 {[%clk 0:16:03]} 44. a6 {[%clk 0:37:29]}
Bf2 {[%clk 0:16:20]} 45. Be4 {[%clk 0:37:05]} Bd4 {[%clk 0:03:54]} 46. h4
{[%clk 0:37:22]} c6+ {[%clk 0:02:22]} 47. Bxc6 {[%clk 0:37:43]} Kc7 {[%clk
0:02:32]} 48. g5 {[%clk 0:37:14]} hxg5 {[%clk 0:02:19]} 49. hxg5 {[%clk
0:37:39]} e4 {[%clk 0:01:51]} 50. Bxe4 {[%clk 0:37:09]} Kb8 {[%clk 0:01:42]}
51. Kc6 {[%clk 0:37:20]} Ka7 {[%clk 0:01:46]} 52. Bd3 {[%clk 0:37:46]} Be3
{[%clk 0:01:50]} 53. f6 {[%clk 0:37:53]} gxf6 {[%clk 0:00:36]} 54. gxf6 {[%clk
0:38:18]} Bg5 {[%clk 0:00:49]} 55. f7 {[%clk 0:38:43]} Bf6 {[%clk 0:00:51]} 56.
f8=Q {[%clk 0:38:50]} Bd8 {[%clk 0:01:14]} 57. Qf7+ {[%clk 0:39:02]} Bc7 {[%clk
0:01:43]} 58. Qxc7+ {[%clk 0:39:17]} Ka8 {[%clk 0:02:10]} 59. Qb7# 1-0

[Event "DEM U18 2021"]
[Site "Willingen GER"]
[Date "2021.08.29"]
[Round "9"]
[White "Zackrisson, Peter"]
[Black "Schmitt, Daniel"]
[Result "1/2-1/2"]
[Termination "normal"]
[Board "10"]
[WhiteElo "1965"]
[BlackElo "1966"]
[WhiteClock "00:28:00"]
[BlackClock "00:07:57"]
[PlyCount "50"]
[WhiteFideId "16282078"]
[BlackFideId "16279018"]
[EventCountry "GER"]
[EventRounds "9"]
[EventType "swiss"]
[EventDate "2021.08.22"]

1. e4 {[%clk 1:30:56]} e5 {[%clk 1:30:55]} 2. Nf3 {[%clk 1:31:20]} Nc6 {[%clk
1:31:21]} 3. Bb5 {[%clk 1:31:40]} a6 {[%clk 1:31:45]} 4. Ba4 {[%clk 1:32:03]}
Nf6 {[%clk 1:32:10]} 5. O-O {[%clk 1:32:20]} Bc5 {[%clk 1:32:33]} 6. c3 {[%clk
1:32:10]} b5 {[%clk 1:32:56]} 7. Bb3 {[%clk 1:32:34]} d6 {[%clk 1:32:50]} 8. a4
{[%clk 1:32:40]} Bb7 {[%clk 1:32:59]} 9. d3 {[%clk 1:23:49]} h6 {[%clk
1:29:07]} 10. Be3 {[%clk 1:22:28]} O-O {[%clk 1:26:54]} 11. Nbd2 {[%clk
1:20:02]} Re8 {[%clk 1:14:52]} 12. Re1 {[%clk 1:18:15]} Bxe3 {[%clk 1:11:51]}
13. fxe3 {[%clk 1:10:16]} Ne7 {[%clk 1:08:25]} 14. Qc2 {[%clk 0:52:23]} Ng6
{[%clk 1:05:36]} 15. d4 {[%clk 0:50:09]} c5 {[%clk 1:02:32]} 16. d5 {[%clk
0:47:00]} c4 {[%clk 0:49:05]} 17. Ba2 {[%clk 0:47:08]} Nd7 {[%clk 0:46:54]} 18.
b3 {[%clk 0:45:42]} cxb3 {[%clk 0:44:15]} 19. Bxb3 {[%clk 0:45:47]} Nc5 {[%clk
0:41:10]} 20. Qb1 {[%clk 0:36:58]} Qc7 {[%clk 0:33:04]} 21. Bd1 {[%clk
0:35:29]} Reb8 {[%clk 0:24:10]} 22. axb5 {[%clk 0:34:10]} axb5 {[%clk 0:24:24]}
23. Be2 {[%clk 0:32:58]} Na4 {[%clk 0:21:04]} 24. Qxb5 {[%clk 0:28:25]} Nxc3
{[%clk 0:16:02]} 25. Qd3 {[%clk 0:28:00]} Bc8 {[%clk 0:07:57]} 1/2-1/2

[Event "DEM U18 2021"]
[Site "Willingen GER"]
[Date "2021.08.29"]
[Round "9"]
[White "Mooser, Nicolas"]
[Black "Bethke, Robert"]
[Result "1/2-1/2"]
[Termination "normal"]
[Board "12"]
[WhiteElo "2107"]
[BlackElo "2100"]
[WhiteClock "00:04:27"]
[BlackClock "00:58:20"]
[PlyCount "70"]
[WhiteFideId "12979406"]
[BlackFideId "12959251"]
[EventCountry "GER"]
[EventRounds "9"]
[EventType "swiss"]
[EventDate "2021.08.22"]

1. d4 {[%clk 1:30:57]} d5 {[%clk 1:30:54]} 2. c4 {[%clk 1:31:22]} e6 {[%clk
1:30:59]} 3. Nf3 {[%clk 1:31:24]} Nf6 {[%clk 1:31:24]} 4. g3 {[%clk 1:31:47]}
Nbd7 {[%clk 1:30:52]} 5. Bg2 {[%clk 1:30:29]} c6 {[%clk 1:31:02]} 6. O-O {[%clk
1:29:44]} Be7 {[%clk 1:31:02]} 7. Qc2 {[%clk 1:29:26]} O-O {[%clk 1:31:20]} 8.
Rd1 {[%clk 1:29:11]} b6 {[%clk 1:31:08]} 9. b3 {[%clk 1:27:59]} Bb7 {[%clk
1:31:17]} 10. Nc3 {[%clk 1:27:34]} Rc8 {[%clk 1:31:06]} 11. e4 {[%clk 1:26:35]}
dxe4 {[%clk 1:30:00]} 12. Nxe4 {[%clk 1:26:57]} Nxe4 {[%clk 1:29:18]} 13. Qxe4
{[%clk 1:27:21]} Nf6 {[%clk 1:29:42]} 14. Qe2 {[%clk 1:27:11]} Qc7 {[%clk
1:26:35]} 15. Bf4 {[%clk 1:24:40]} Bd6 {[%clk 1:26:53]} 16. Ne5 {[%clk
1:23:20]} Nd7 {[%clk 1:26:34]} 17. c5 {[%clk 1:19:24]} Bxe5 {[%clk 1:26:52]}
18. Bxe5 {[%clk 1:19:25]} Nxe5 {[%clk 1:27:15]} 19. Qxe5 {[%clk 1:14:06]} Rfd8
{[%clk 1:22:08]} 20. b4 {[%clk 1:01:50]} Rd7 {[%clk 1:12:42]} 21. a4 {[%clk
0:37:52]} g6 {[%clk 1:11:58]} 22. Qxc7 {[%clk 0:28:56]} Rdxc7 {[%clk 1:12:06]}
23. cxb6 {[%clk 0:26:03]} axb6 {[%clk 1:12:31]} 24. a5 {[%clk 0:25:01]} b5
{[%clk 1:08:33]} 25. Rac1 {[%clk 0:22:21]} Rd7 {[%clk 1:06:09]} 26. Rc5 {[%clk
0:21:33]} Kf8 {[%clk 1:06:09]} 27. f4 {[%clk 0:19:17]} Ke7 {[%clk 1:05:18]} 28.
Kf2 {[%clk 0:19:18]} Kd6 {[%clk 1:05:20]} 29. Rdc1 {[%clk 0:18:59]} Rdc7 {[%clk
1:04:35]} 30. Ke3 {[%clk 0:18:53]} Ba6 {[%clk 1:01:20]} 31. Be4 {[%clk
0:18:15]} f5 {[%clk 0:58:51]} 32. Bf3 {[%clk 0:17:47]} h5 {[%clk 0:58:19]} 33.
R5c2 {[%clk 0:16:10]} Bb7 {[%clk 0:58:33]} 34. h3 {[%clk 0:16:11]} Rh8 {[%clk
0:58:27]} 35. h4 {[%clk 0:04:27]} Rhc8 {[%clk 0:58:20]} 1/2-1/2

[Event "DEM U18 2021"]
[Site "Willingen GER"]
[Date "2021.08.29"]
[Round "9"]
[White "Unbehend, Marius"]
[Black "Hofmann, Lorenz"]
[Result "0-1"]
[Termination "normal"]
[Board "13"]
[WhiteElo "1572"]
[BlackElo "2071"]
[WhiteClock "00:03:22"]
[BlackClock "00:04:04"]
[PlyCount "140"]
[WhiteFideId "16214420"]
[BlackFideId "12995509"]
[EventCountry "GER"]
[EventRounds "9"]
[EventType "swiss"]
[EventDate "2021.08.22"]

1. e4 {[%clk 1:30:59]} c6 {[%clk 1:30:56]} 2. d4 {[%clk 1:31:25]} d5 {[%clk
1:31:23]} 3. exd5 {[%clk 1:31:45]} cxd5 {[%clk 1:31:48]} 4. Bd3 {[%clk
1:32:06]} Nf6 {[%clk 1:31:54]} 5. c3 {[%clk 1:32:33]} Nc6 {[%clk 1:32:18]} 6.
Bf4 {[%clk 1:32:59]} Bg4 {[%clk 1:32:38]} 7. Qb3 {[%clk 1:30:17]} Qd7 {[%clk
1:32:31]} 8. Nd2 {[%clk 1:29:25]} e6 {[%clk 1:32:54]} 9. Ngf3 {[%clk 1:28:47]}
Bxf3 {[%clk 1:27:19]} 10. Nxf3 {[%clk 1:28:48]} Bd6 {[%clk 1:23:24]} 11. Bxd6
{[%clk 1:29:05]} Qxd6 {[%clk 1:23:52]} 12. O-O {[%clk 1:29:08]} O-O {[%clk
1:24:02]} 13. Rae1 {[%clk 1:28:45]} a6 {[%clk 1:19:13]} 14. Ne5 {[%clk
1:28:56]} b5 {[%clk 1:17:42]} 15. f4 {[%clk 1:24:41]} Rab8 {[%clk 1:00:46]} 16.
Qd1 {[%clk 1:15:06]} Ne7 {[%clk 0:55:15]} 17. g4 {[%clk 1:10:46]} b4 {[%clk
0:49:25]} 18. g5 {[%clk 1:09:13]} Ne4 {[%clk 0:48:02]} 19. Bxe4 {[%clk
1:07:12]} dxe4 {[%clk 0:48:21]} 20. Rxe4 {[%clk 1:06:52]} Qd5 {[%clk 0:40:34]}
21. Re2 {[%clk 1:02:31]} Nf5 {[%clk 0:27:42]} 22. Qd3 {[%clk 0:58:06]} Rfc8
{[%clk 0:24:54]} 23. Rd1 {[%clk 0:51:08]} Qxa2 {[%clk 0:19:56]} 24. c4 {[%clk
0:50:01]} Ne7 {[%clk 0:13:24]} 25. b3 {[%clk 0:45:31]} Qa5 {[%clk 0:13:45]} 26.
Qe4 {[%clk 0:43:01]} Qc7 {[%clk 0:12:05]} 27. Rde1 {[%clk 0:38:38]} Qb7 {[%clk
0:08:21]} 28. Qxb7 {[%clk 0:26:48]} Rxb7 {[%clk 0:08:50]} 29. Ra2 {[%clk
0:26:26]} Nf5 {[%clk 0:07:40]} 30. Rd1 {[%clk 0:22:07]} f6 {[%clk 0:05:18]} 31.
Nf3 {[%clk 0:21:04]} Rb6 {[%clk 0:05:01]} 32. Kf2 {[%clk 0:19:53]} Rd8 {[%clk
0:04:57]} 33. gxf6 {[%clk 0:20:09]} gxf6 {[%clk 0:05:26]} 34. c5 {[%clk
0:14:03]} Rc6 {[%clk 0:05:33]} 35. Ra4 Rxc5 {[%clk 0:04:51]} 36. dxc5 {[%clk
0:13:33]} Rxd1 {[%clk 0:05:20]} 37. Rxb4 {[%clk 0:13:55]} Rc1 {[%clk 0:05:25]}
38. Rb6 {[%clk 0:12:01]} Kf7 {[%clk 0:03:04]} 39. b4 {[%clk 0:11:50]} a5 {[%clk
0:02:50]} 40. bxa5 {[%clk 0:11:28]} Rxc5 {[%clk 0:03:13]} 41. Rb7+ {[%clk
0:11:50]} Kg6 {[%clk 0:03:21]} 42. a6 {[%clk 0:11:24]} Rc2+ {[%clk 0:03:31]}
43. Ke1 {[%clk 0:09:51]} Ra2 {[%clk 0:03:57]} 44. a7 {[%clk 0:09:52]} Nd6
{[%clk 0:29:45]} 45. Rb6 {[%clk 0:37:26]} Nc8 {[%clk 0:28:42]} 46. Rxe6 {[%clk
0:37:27]} Nxa7 {[%clk 0:29:03]} 47. Rb6 {[%clk 0:36:34]} Kf5 {[%clk 0:20:55]}
48. Nd2 {[%clk 0:35:27]} Nc8 {[%clk 0:18:28]} 49. Rc6 {[%clk 0:31:28]} Ne7
{[%clk 0:15:46]} 50. Rc7 {[%clk 0:31:29]} Ke6 {[%clk 0:12:57]} 51. Rb7 {[%clk
0:29:33]} h6 {[%clk 0:12:20]} 52. Rb3 {[%clk 0:22:51]} Kf5 {[%clk 0:08:49]} 53.
Rh3 {[%clk 0:22:35]} Ng8 {[%clk 0:09:10]} 54. Rg3 {[%clk 0:21:59]} Ra8 {[%clk
0:09:16]} 55. Rf3 {[%clk 0:21:57]} h5 {[%clk 0:09:22]} 56. Ke2 {[%clk 0:21:48]}
Nh6 {[%clk 0:05:57]} 57. Nf1 {[%clk 0:17:27]} Ra2+ {[%clk 0:05:18]} 58. Nd2
{[%clk 0:16:09]} Nf7 {[%clk 0:04:58]} 59. Ke3 {[%clk 0:13:41]} Nd6 {[%clk
0:04:25]} 60. Rg3 {[%clk 0:09:31]} h4 {[%clk 0:04:18]} 61. Rf3 {[%clk 0:08:26]}
Ra4 {[%clk 0:04:20]} 62. Nf1 {[%clk 0:07:57]} Kg4 {[%clk 0:03:46]} 63. h3+
{[%clk 0:07:13]} Kf5 {[%clk 0:04:16]} 64. Nd2 {[%clk 0:06:48]} Nc4+ {[%clk
0:03:58]} 65. Nxc4 {[%clk 0:05:11]} Rxc4 {[%clk 0:04:27]} 66. Kd3 {[%clk
0:02:06]} Rxf4 {[%clk 0:03:07]} 67. Re3 {[%clk 0:02:31]} Ra4 {[%clk 0:03:01]}
68. Kd2 {[%clk 0:02:49]} Kf4 {[%clk 0:03:21]} 69. Re8 {[%clk 0:02:58]} f5
{[%clk 0:03:39]} 70. Re3 {[%clk 0:03:22]} Ra2+ {[%clk 0:04:04]} 0-1

[Event "DEM U18 2021"]
[Site "Willingen GER"]
[Date "2021.08.29"]
[Round "9"]
[White "Khachatryan, Taron"]
[Black "Wander, Dennis"]
[Result "1-0"]
[Termination "normal"]
[Board "14"]
[WhiteElo "2065"]
[BlackElo "1610"]
[WhiteClock "00:45:58"]
[BlackClock "00:48:28"]
[PlyCount "87"]
[WhiteFideId "16216598"]
[BlackFideId "16276523"]
[EventCountry "GER"]
[EventRounds "9"]
[EventType "swiss"]
[EventDate "2021.08.22"]

1. c4 {[%clk 1:30:35]} Nf6 {[%clk 1:30:49]} 2. Nf3 {[%clk 1:30:29]} e6 3. d4
{[%clk 1:30:46]} d5 {[%clk 1:31:32]} 4. Nc3 {[%clk 1:31:03]} Be7 {[%clk
1:31:52]} 5. Qc2 {[%clk 1:31:12]} O-O {[%clk 1:32:01]} 6. Bg5 {[%clk 1:31:23]}
Nbd7 {[%clk 1:32:13]} 7. Rd1 {[%clk 1:31:28]} h6 {[%clk 1:31:26]} 8. Bh4 {[%clk
1:31:55]} c6 {[%clk 1:29:48]} 9. e3 {[%clk 1:31:33]} Re8 {[%clk 1:26:30]} 10.
cxd5 {[%clk 1:30:32]} Nxd5 {[%clk 1:25:38]} 11. Bg3 {[%clk 1:30:55]} Bf6 {[%clk
1:23:49]} 12. e4 {[%clk 1:30:58]} Nxc3 {[%clk 1:23:20]} 13. bxc3 {[%clk
1:31:27]} Qa5 {[%clk 1:23:15]} 14. e5 {[%clk 1:27:39]} Be7 {[%clk 1:23:12]} 15.
Bd3 {[%clk 1:27:37]} c5 {[%clk 1:23:18]} 16. O-O {[%clk 1:27:31]} cxd4 {[%clk
1:23:13]} 17. cxd4 {[%clk 1:27:47]} Nb6 {[%clk 1:22:40]} 18. Qe2 {[%clk
1:27:30]} Nd5 {[%clk 1:21:12]} 19. Qe4 {[%clk 1:26:37]} g6 {[%clk 1:21:29]} 20.
Rd2 {[%clk 1:25:06]} Bd7 {[%clk 1:19:22]} 21. Bh4 {[%clk 1:04:24]} Bxh4 {[%clk
1:17:30]} 22. Qxh4 {[%clk 1:04:29]} Kg7 {[%clk 1:17:43]} 23. Be4 {[%clk
1:04:16]} Qd8 {[%clk 1:15:43]} 24. Qg4 {[%clk 1:01:57]} Bc6 {[%clk 1:09:36]}
25. Nh4 {[%clk 0:58:36]} Qg5 {[%clk 1:08:36]} 26. Qxg5 {[%clk 0:57:42]} hxg5
{[%clk 1:08:55]} 27. Nf3 {[%clk 0:58:11]} g4 {[%clk 1:08:53]} 28. Ng5 {[%clk
0:53:37]} f6 {[%clk 1:05:45]} 29. exf6+ {[%clk 0:53:42]} Kxf6 {[%clk 1:06:00]}
30. h4 {[%clk 0:52:58]} gxh3 {[%clk 1:05:54]} 31. Nxh3 {[%clk 0:53:26]} Rh8
{[%clk 1:03:51]} 32. f3 {[%clk 0:51:53]} g5 {[%clk 1:01:25]} 33. Nf2 {[%clk
0:51:08]} Ne3 {[%clk 0:58:43]} 34. Re1 {[%clk 0:50:51]} Nc4 {[%clk 0:59:05]}
35. Ng4+ {[%clk 0:51:06]} Ke7 {[%clk 0:58:50]} 36. Rde2 {[%clk 0:51:01]} Kd7
{[%clk 0:53:50]} 37. Bxc6+ {[%clk 0:50:25]} Kxc6 {[%clk 0:53:11]} 38. Rxe6+
{[%clk 0:50:46]} Nd6 {[%clk 0:53:10]} 39. Nf6 {[%clk 0:50:57]} Rad8 {[%clk
0:51:53]} 40. a4 {[%clk 0:46:16]} b5 {[%clk 0:48:19]} 41. Rc1+ {[%clk 0:45:57]}
Kb6 {[%clk 0:48:29]} 42. Ne4 {[%clk 0:45:44]} Rhe8 {[%clk 0:48:07]} 43. Rxd6+
{[%clk 0:45:58]} Rxd6 {[%clk 0:48:28]} 44. Nxd6 1-0

[Event "DEM U18w 2021"]
[Site "Willingen GER"]
[Date "2021.08.23"]
[Round "1"]
[White "Schneider, Katharina"]
[Black "Müdder, Melanie"]
[Result "1/2-1/2"]
[Termination "normal"]
[Board "1"]
[WhiteElo "1738"]
[BlackElo "1959"]
[WhiteClock "00:01:31"]
[BlackClock "00:00:56"]
[PlyCount "77"]
[WhiteFideId "16200519"]
[BlackFideId "12994103"]
[EventCountry "GER"]
[EventRounds "9"]
[EventType "swiss"]
[EventDate "2021.08.22"]

1. e4 {[%clk 1:30:58]} c5 {[%clk 1:30:55]} 2. Nc3 {[%clk 1:31:25]} Nc6 {[%clk
1:31:15]} 3. f4 {[%clk 1:31:50]} g6 {[%clk 1:31:09]} 4. Bc4 {[%clk 1:32:14]}
Bg7 {[%clk 1:21:23]} 5. Nf3 {[%clk 1:32:36]} e6 {[%clk 1:18:55]} 6. f5 {[%clk
1:32:48]} gxf5 {[%clk 1:03:48]} 7. d3 {[%clk 1:18:01]} Nge7 {[%clk 0:55:05]} 8.
O-O {[%clk 1:16:44]} O-O {[%clk 0:47:46]} 9. Qe1 {[%clk 1:12:16]} fxe4 {[%clk
0:41:28]} 10. dxe4 {[%clk 1:10:16]} d5 {[%clk 0:38:18]} 11. exd5 {[%clk
1:05:08]} exd5 {[%clk 0:38:34]} 12. Bd3 {[%clk 1:00:02]} Ng6 {[%clk 0:35:27]}
13. Qg3 {[%clk 0:48:35]} c4 {[%clk 0:30:03]} 14. Bxg6 {[%clk 0:46:44]} fxg6
{[%clk 0:27:51]} 15. Rd1 {[%clk 0:30:57]} Rf5 {[%clk 0:24:54]} 16. Ne2 {[%clk
0:18:40]} Be6 {[%clk 0:15:57]} 17. c3 {[%clk 0:17:17]} Qb6+ {[%clk 0:14:17]}
18. Qf2 {[%clk 0:12:46]} Qxf2+ {[%clk 0:12:17]} 19. Kxf2 {[%clk 0:13:10]} Raf8
{[%clk 0:11:02]} 20. Kg1 {[%clk 0:12:40]} Bc8 {[%clk 0:07:47]} 21. Ng3 {[%clk
0:08:29]} R5f7 {[%clk 0:05:45]} 22. Be3 {[%clk 0:07:03]} Bg4 {[%clk 0:05:19]}
23. Bc5 {[%clk 0:07:29]} Bxf3 {[%clk 0:03:47]} 24. Bxf8 {[%clk 0:06:58]} Bxd1
{[%clk 0:04:08]} 25. Bxg7 {[%clk 0:07:21]} Kxg7 {[%clk 0:04:18]} 26. Rxd1
{[%clk 0:07:44]} Rd7 {[%clk 0:04:05]} 27. Ne2 {[%clk 0:06:35]} Kf6 {[%clk
0:03:47]} 28. Nd4 {[%clk 0:05:47]} Ne5 {[%clk 0:03:10]} 29. b3 {[%clk 0:03:47]}
Nd3 {[%clk 0:03:25]} 30. g3 {[%clk 0:03:11]} Ke5 {[%clk 0:02:49]} 31. Rd2
{[%clk 0:03:12]} Nc5 {[%clk 0:02:19]} 32. Re2+ {[%clk 0:02:08]} Ne4 {[%clk
0:02:23]} 33. Re3 {[%clk 0:01:32]} Rf7 {[%clk 0:02:16]} 34. Nf3+ {[%clk
0:01:48]} Kf5 {[%clk 0:01:57]} 35. Nd4+ {[%clk 0:01:16]} Ke5 {[%clk 0:01:06]}
36. Nf3+ {[%clk 0:01:37]} Kf5 {[%clk 0:00:57]} 37. Nd4+ {[%clk 0:01:32]} Ke5
{[%clk 0:00:47]} 38. Nf3+ {[%clk 0:01:39]} Kf5 {[%clk 0:00:56]} 39. Nd4+ {[%clk
0:01:31]} 1/2-1/2